000 01562cam a2200361 a 4500
001 14657729
003 ARRUPE
005 20140611174518.0
008 061206s2007 nyuabf 001 0 eng
010 _a 2006052189
020 _a0743284410
020 _a9780743284417
035 _a(OCoLC)ocm76967155
035 _a(OCoLC)76967155
040 _aDLC
_cDLC
_dYDX
_dBAKER
_dBTCTA
_dHHO
_dYDXCP
_dGK8
_dVP@
_dJED
_dDLC
043 _af-sx---
050 0 0 _aQL737.P98
_bO26 2007
082 0 0 _a599.67/415
_222
100 1 _aO'Connell, Caitlin,
_d1965-
_910869
245 1 4 _aThe elephant's secret sense :
_bthe hidden life of the wild herds of Africa /
_cCaitlin O'Connell.
260 _aOxford :
_bOne World,
_cc2007.
300 _aix, 240 p., [8] p. of plates :
_bill., map ;
_c24 cm.
650 0 _aAfrican elephant
_xBehavior
_zNamibia.
_910870
650 0 _aAfrican elephant
_zNamibia
_xSense organs.
_910871
650 0 _aAnimal communication.
_910872
856 4 2 _3Publisher description
_uhttp://www.loc.gov/catdir/enhancements/fy0708/2006052189-d.html
856 4 1 _3Sample text
_uhttp://www.loc.gov/catdir/enhancements/fy0710/2006052189-s.html
856 4 1 _3Table of contents only
_uhttp://www.loc.gov/catdir/enhancements/fy0710/2006052189-t.html
856 4 2 _3Contributor biographical information
_uhttp://www.loc.gov/catdir/enhancements/fy0913/2006052189-b.html
906 _a7
_bcbc
_corignew
_d1
_eocip
_f20
_gy-gencatlg
942 _2lcc
_cSPC
999 _c120721
_d120721